2nd International symposium on life sciences, September 4-9, 2013, Vladivostok (Запись № 9928725)

Подробности
000 -МАРКЕР
контрольное поле 01532nam0a2200325 4500
001 - ИДЕНТИФИКАТОР ЗАПИСИ
контрольное поле RU\NLR\BIBL_A\010026847
005 - ИДЕНТИФИКАТОР ВЕРСИИ
контрольное поле 20250613200532.0
010 ## - МЕЖДУНАРОДНЫЙ СТАНДАРТНЫЙ НОМЕР КНИГИ (ISBN)
Номер (ISBN) 978-5-8044-1400-0
Тираж 110
021 ## - НОМЕР ГОСУДАРСТВЕННОЙ РЕГИСТРАЦИИ
Код страны Российская Федерация
Номер 2013-92936
Номер Листа государственной регистраци 6439
035 ## - ДРУГИЕ СИСТЕМНЫЕ НОМЕРА
Идентификатор записи (NLR Aleph) 010026847
100 ## - ДАННЫЕ ОБЩЕЙ ОБРАБОТКИ
Данные общей обработки 20140131d2013 |||y0rusy50 ca
101 0# - ЯЗЫК РЕСУРСА
Язык текста, звукозаписи и т.д. английский
102 ## - СТРАНА ПУБЛИКАЦИИ ИЛИ ПРОИЗВОДСТВА
Страна публикации Российская Федерация
105 ## - ПОЛЕ КОДИРОВАННЫХ ДАННЫХ: ТЕКСТОВЫЕ МАТЕРИАЛЫ, МОНОГРАФИЧЕСКИЕ
Кодированные данные о монографическом текстовом документе ac|||||||||
200 1# - ЗАГЛАВИЕ И СВЕДЕНИЯ ОБ ОТВЕТСТВЕННОСТИ
Основное заглавие 2nd International symposium on life sciences, September 4-9, 2013, Vladivostok
Сведения, относящиеся к заглавию program & abstracts
210 ## - ПУБЛИКАЦИЯ, РАСПРОСТРАНЕНИЕ И ДР.
Место издания, распространения и т.д. Vladivostok
Имя издателя, распространителя и т. д. Dalnauka
Дата издания, распространения и т.д. 2013
215 ## - ФИЗИЧЕСКАЯ ХАРАКТЕРИСТИКА
Специфическое обозначение материала и объем 92 c
Другие сведения о физической характеристике ил., портр.
Размеры 29
300 ## - ОБЩИЕ ПРИМЕЧАНИЯ
Текст примечания В вып. дан.: Сборник тезисов 2-го Международного симпозиума "Наука о жизни", 4-9 сентября 2013 г., Владивосток
320 ## - ПРИМЕЧАНИЯ О НАЛИЧИИ В ДОКУМЕНТЕ БИБЛИОГРАФИИ / УКАЗАТЕЛЯ
Текст примечания Библиогр. в конце тез
517 1# - ДРУГИЕ ВАРИАНТЫ ЗАГЛАВИЯ
Вариант заглавия Сборник тезисов 2-го Международного симпозиума "Наука о жизни", 4-9 сентября 2013 г., Владивосток
606 1# - НАИМЕНОВАНИЕ ТЕМЫ КАК ПРЕДМЕТ
Наименование темы Биологические исследования
Формальный подзаголовок Тезисы докладов
Системный номер авторитетной/нормативной записи 1149193
Идентификатор авторитетной/нормативной записи RU\NLR\AUTH\66140169
606 1# - НАИМЕНОВАНИЕ ТЕМЫ КАК ПРЕДМЕТ
Наименование темы Медицина
Формальный подзаголовок Тезисы докладов
Системный номер авторитетной/нормативной записи 892737
Идентификатор авторитетной/нормативной записи RU\NLR\AUTH\662895
686 1# - ИНДЕКСЫ ДРУГИХ КЛАССИФИКАЦИЙ
Индекс Е.я431(0)
686 1# - ИНДЕКСЫ ДРУГИХ КЛАССИФИКАЦИЙ
Индекс Р.я431(0)
710 12 - НАИМЕНОВАНИЕ ОРГАНИЗАЦИИ - ПЕРВИЧНАЯ ОТВЕТСТВЕННОСТЬ
Графика поля Латинская
Материалы, к которым относится поле eng
Начальный элемент ввода International symposium on life sciences
Порядковый номер временной организации и / или порядковый номер ее части 2
Место проведения временной организации Vladivostok
Дата проведения временной организации 2013
Системный номер авторитетной/нормативной записи 398082
Идентификатор авторитетной/нормативной записи RU\NLR\AUTH\880365686
942 ## - ДОПОЛНИТЕЛЬНЫЕ ЭЛЕМЕНТЫ ЗАПИСИ (АБИС)
Тип экземпляра АБИС Книга
980 ## - КОЛЛЕКЦИЯ
Название коллекции Национальная библиография
Экземпляры
Тип экземпляра Дата поступления Источник поступления Стоимость Библиотека постоянного хранения Библиотека текущего хранения Место хранения Шифр хранения Штрих-код Статус экземпляра
Книга 31.01.2014 Обязательный экземпляр 0.00 РНБ (Московский) РНБ (Московский) Иностранный книжный фонд Ик 2014-8/38 1-63207